000 00282nam a22001217a 4500
008 181105b xxu||||| |||| 00| 0 eng d
041 _aeng
080 _a941
100 _a16
101 _aHIS
245 _aThE pOUERTO rICANS a Documentary History
_cKal,W
942 _2udc
_cBK
999 _c51787
_d51787